Supernova - Ansel Elgort (all lyrics) - Statistics

General Stats
  • This quiz has been taken 11 times
  • The average score is 192 of 265
Answer Stats
Answer % Correct
California
100%
Georgia
100%
I
100%
i
100%
in
100%
loved
100%
me
100%
met
100%
the
100%
you
100%
frozen
90%
ground
90%
heart's
90%
him
90%
my
90%
over
90%
sky
90%
supernova
90%
told
90%
a
70%
eyes
70%
s**t?
70%
up
70%
your
70%
all
60%
All
60%
are
60%
be
60%
drenched
60%
hearing
60%
is
60%
I've
60%
keep
60%
like
60%
mother
60%
open
60%
red
60%
regret
60%
said
60%
sweat
60%
waking
60%
at
50%
back
50%
been
50%
cause
50%
commotion
50%
don't
50%
dreams
50%
erosion
50%
feel
50%
full
50%
got
50%
head
50%
I'll
50%
it
50%
it?
50%
mazes
50%
of
50%
on
50%
see
50%
so
50%
this
50%
what
50%
address
40%
Atlas
40%
could
40%
craze
40%
emotions
40%
f***ed
40%
foggy
40%
going
40%
grab
40%
I'm
40%
know
40%
manifest
40%
moments
40%
phases
40%
reading
40%
realness
40%
request
40%
stars
40%
still
40%
stressed
40%
through
40%
understand
40%
walking
40%
wanna
40%
work
40%
just
30%
last
30%
look
30%
meant
30%
minds
30%
motive
30%
notion
30%
ocean
30%
oppressed
30%
someone
30%
time
30%
when's
30%
you'll
30%
and
20%
overhead
20%
No matching quizzes found
Score Distribution
Percent of People with Each Score
Percentile by Number Answered
Your Score History
You have not taken this quiz